Escocia : guía básica para descubrir el país. Capítulo 9, Islas exteriores : Islas Orcadas, Islas Shetland, Hébridas exteriores, cultura y naturaleza virgen /
Uloženo v:
| Hlavní autoři: | , |
|---|---|
| Médium: | Elektronický zdroj E-kniha |
| Jazyk: | španělština |
| Vydáno: |
[Barcelona, España] :
Ecos Producciones Periodísticas SCP,
[2014]
|
| Vydání: | Segunda edición digital. |
| Témata: | |
| On-line přístup: | Digitalia Hispánica |
| Tagy: |
Přidat tag
Žádné tagy, Buďte první, kdo vytvoří štítek k tomuto záznamu!
|
MARC
| LEADER | 00000nam a2200000Ii 4500 | ||
|---|---|---|---|
| 001 | DIGECOS0171 | ||
| 003 | NyNyDIG | ||
| 008 | 230124s2014 sp ab o 000 0 spa d | ||
| 006 | m o d | ||
| 007 | cr ||||||||||| | ||
| 035 | |a (OCoLC)1367361278 | ||
| 040 | |a DGITA |b eng |e rda |e pn |c DGITA | ||
| 020 | |a 9788415479093 |q eBook | ||
| 043 | |a e-uk-st | ||
| 050 | 1 | 4 | |a DA761 ebook |
| 100 | 1 | |a Auqué Mas, Eva, |e author. | |
| 245 | 1 | 0 | |a Escocia : |b guía básica para descubrir el país. |n Capítulo 9, |p Islas exteriores : Islas Orcadas, Islas Shetland, Hébridas exteriores, cultura y naturaleza virgen / |c textos, Eva Auqué Mas y César Barba ; fotos, César Barba. |
| 246 | 3 | 0 | |a Islas exteriores : |b Islas Orcadas, Islas Shetland, Hébridas exteriores, cultura y naturaleza virgen |
| 250 | |a Segunda edición digital. | ||
| 264 | 1 | |a [Barcelona, España] : |b Ecos Producciones Periodísticas SCP, |c [2014] | |
| 300 | |a 1 online resource : |b illustrations, maps. | ||
| 336 | |a text |b txt |2 rdacontent | ||
| 337 | |a computer |b c |2 rdamedia | ||
| 338 | |a online resource |b cr |2 rdacarrier | ||
| 347 | |a text file |2 rdaft | ||
| 347 | |b EPUB | ||
| 500 | |a "Guía por capítulos"--Cover. | ||
| 588 | 0 | |a Online resource; title from ePub title page (Digitalia, viewed January 24, 2023) | |
| 651 | 0 | |a Orkney (Scotland) |v Guidebooks. | |
| 651 | 0 | |a Orkney (Scotland) |x Description and travel. | |
| 651 | 0 | |a Shetland (Scotland) |v Guidebooks. | |
| 651 | 0 | |a Shetland (Scotland) |x Description and travel. | |
| 651 | 0 | |a Hebrides (Scotland) |v Guidebooks. | |
| 651 | 0 | |a Hebrides (Scotland) |x Description and travel. | |
| 700 | 1 | |a Barba Villarraza, César, |e author, |e photographer. | |
| 791 | 2 | |a Digitalia (Firm), |e distributor. | |
| 793 | 0 | |g Digitalia eBook Collection: |a Ecos Travel Books | |
| 856 | 4 | 0 | |3 Digitalia Hispánica |u https://digitalia.unach.elogim.com/a/50773/ |
| 910 | |a Premium collection: 2023 | ||